这个名字,是鸟吗?Is it a bird? - Statistics

General Stats
  • This quiz has been taken 94 times
  • The average score is 4 of 12
Answers on the Grid
Answers color-coded by a green-red scale on the quiz's grid according to % correct below.
寿带
守宫
海猫
海狗
渔猫
鱼狗
蚁狮
蜂虎
子规
虾虎
秧鸡
田鸡
伯劳
戴胜
绣眼
画眉
江珧
石斑
避役
河乌
白骨顶
石龙子
豆娘
马陆
 
Answer Stats
Answer % Correct
画眉
67%
子规
56%
戴胜
48%
伯劳
46%
秧鸡
38%
绣眼
33%
白骨顶
33%
蜂虎
31%
鱼狗
21%
河乌
21%
寿带
15%
海猫
15%
No matching quizzes found
Score Distribution
Percent of People with Each Score
Percentile by Number Answered
Your Score History
You have not taken this quiz